| 000 | 00868ntm a22002177a 4500 | ||
|---|---|---|---|
| 005 | 20170810123805.0 | ||
| 008 | 170802s2010 xx a frb 000 0 eng d | ||
| 040 |
_aEG-ScBUE _beng _cEG-ScBUE |
||
| 082 | 0 | 4 |
_222 _a650 _bSHA |
| 100 | 1 | _aShawky, Yomna Mohamed. | |
| 245 | 1 | 0 |
_aemotional intelligence and its effect on the performance of leaders and followers in hospitality organisations in egypt / _cby Yomna Mohamed Shawky; Hadia Fakhreldin. |
| 260 | _c2010. | ||
| 300 |
_a1 v. : _bill. (col.) ; _c28 cm. |
||
| 500 | _aA dissertation submitted in part fulfillment of the requirements for the a ward of B.A. in Business Administration, human resources management Specialisation. | ||
| 590 | _akarima | ||
| 650 | 7 |
_2BUEsh _aBusiness Administration _vProjects |
|
| 653 |
_bBUSADM _cAugust2017 |
||
| 655 | _vSPRO | ||
| 700 | 1 |
_aFakhreldin, hadia, _eths. |
|
| 942 | _2ddc | ||
| 999 |
_c25382 _d25354 |
||